Statistics for Most Loved Countries In The World

Click here to take the quiz!

General Stats

  • This quiz has been taken 318 times
    (241 since last reset)
  • The average score is 15 of 26

Answer Stats

Answer% Correct
United States
94%
United Kingdom
91%
Canada
89%
Spain
87%
France
86%
Italy
84%
Japan
84%
Germany
82%
Norway
81%
Australia
79%
India
73%
South Korea
67%
Ireland
66%
Portugal
66%
Denmark
65%
Iceland
64%
Switzerland
64%
Greece
62%
Philippines
34%
Pakistan
30%
Nepal
14%
Bhutan
12%
Sri Lanka
10%
Namibia
8%
Madagascar
6%
Senegal
2%

Score Distribution

Percentile by Number Answered

Percent of People with Each Score

Your Score History

You have not taken this quiz since the last reset